Podnikové financie praktické aplikácie a zbierka príkladov
Gespeichert in:
| 1. Verfasser: | |
|---|---|
| Weitere Verfasser: | , , , , , |
| Format: | Buch |
| Sprache: | Slowakisch |
| Veröffentlicht: |
Bratislava
Wolters Kluwer
2020
|
| Ausgabe: | 4. upravené a prepracované vydanie |
| Schlagworte: | |
| Tags: |
Keine Tags, Fügen Sie das erste Tag hinzu!
|
MARC
| LEADER | 00000nam a2200000 4500 | ||
|---|---|---|---|
| 001 | 0262162 | ||
| 005 | 20240502074154.3 | ||
| 020 | |a 978-80-571-0162-8 | ||
| 020 | |a 978-80-571-0163-5 | ||
| 041 | 0 | |a slo | |
| 044 | |a SK | ||
| 245 | 1 | 0 | |a Podnikové financie |b praktické aplikácie a zbierka príkladov |c Elena Fetisovová a kolektív ; recenzovali: Ján Neubauer, Magdaléna Kubranová |
| 250 | |a 4. upravené a prepracované vydanie | ||
| 264 | 1 | |a Bratislava |b Wolters Kluwer |c 2020 | |
| 300 | |a 222 s. [10,49 AH] | ||
| 610 | 2 | 0 | |a financie podnikové |
| 610 | 2 | 0 | |a riadenie finančné |
| 610 | 2 | 0 | |a štruktúra podniku finančná |
| 610 | 2 | 0 | |a štruktúra kapitálová |
| 610 | 2 | 0 | |a kapitál vlastný |
| 610 | 2 | 0 | |a úver |
| 610 | 2 | 0 | |a majetok dlhodobý |
| 610 | 2 | 0 | |a analýza finančná |
| 100 | 1 | |a Fetisovová, Elena | |
| 700 | 1 | |a Jánošová, Veronika, 1953- | |
| 700 | 1 | |a Kalusová, Lenka, 1987- | |
| 700 | 1 | |a Markovič, Peter, 1974- | |
| 700 | 1 | |a Smorada, Marián, 1984- | |
| 700 | 1 | |a Neubauer, Ján | |
| 700 | 1 | |a Kubranová, Magdaléna, 1956- | |